German Cities by pre-WWII pictures Quiz Stats

 Plays Quiz not verified by Sporcle

Challenge
Share
Tweet
Score 0/12 Timer 05:00
0 Plays Today
Picture # German City % Correct
1Berlin
85.5%
11Cologne
60.8%
2Dresden
58.9%
6Hamburg
48.9%
4Munich
39%
8Frankfurt am Main
30.9%
3Leipzig
25%
7Danzig/Gdańsk
21.2%
12Hanover
15.1%
9Lübeck
14%
10Konigsberg/Kaliningrad
13.7%
5Freiburg
5.1%

You're not logged in!

Compare scores with friends on all Sporcle quizzes.
Join for Free
OR
Log In

You Might Also Like...

Show Comments

Extras

Created Sep 2, 2010SourceReportNominate
Tags:Nintendo Quiz

Top Quizzes Today


Score Distribution

Your Account Isn't Verified!

In order to create a playlist on Sporcle, you need to verify the email address you used during registration. Go to your Sporcle Settings to finish the process.

Report this User

Report this user for behavior that violates our Community Guidelines.

Details: